000 002540000a22000970004500
100 1 _aEscandón, Rafael
245 1 0 _a¿Por qué la comunicación?
300 _aVol. 53, Núm 236 (1998), Páginas 15-17
773 0 _tLa Biblia de las Américas
942 _cANA
999 _c51489
_d51489